| 000 | 00443nam a2200169Ia 4500 | ||
|---|---|---|---|
| 999 |
_c10399 _d10399 |
||
| 003 | OSt | ||
| 005 | 20220316174230.0 | ||
| 008 | 220308s9999 xx 000 0 und d | ||
| 020 | _a9780794603373 | ||
| 082 |
_a720.994 _bGOA |
||
| 100 | _a Goad, Philip; Bingham-Hall, Patrick | ||
| 245 | 0 | _aNew directions in Australian architecture | |
| 260 | _b Periplus Editions/Berkeley Books Pte Ltd | ||
| 365 | _cUSD | ||
| 365 | _d50 | ||
| 942 | _2ddc | ||